| 000 -LEADER |
| fixed length control field |
00594nam a22001817a 4500 |
| 008 - FIXED-LENGTH DATA ELEMENTS--GENERAL INFORMATION |
| fixed length control field |
131010b xxu||||| |||| 00| 0 eng d |
| 020 ## - INTERNATIONAL STANDARD BOOK NUMBER |
| International Standard Book Number |
0262132605 |
| 041 0# - LANGUAGE CODE |
| Language code of text/sound track or separate title |
eng |
| 080 ## - UNIVERSAL DECIMAL CLASSIFICATION NUMBER |
| Universal Decimal Classification number |
159.922.74 |
| 100 1# - Rafti |
| Rafti |
Mendelson, Morton J. |
| 245 10 - TITLE STATEMENT |
| Title |
Becoming a brother : |
| Statement of responsibility, etc |
Morton J. Mendelson. |
| 260 ## - |
| -- |
Cambridge, Mass. : |
| -- |
MIT Press, |
| -- |
c1990. |
| 300 ## - |
| -- |
249 f. : |
| -- |
me il. ; |
| -- |
24 cm. |
| 490 ## - |
| -- |
"A Bradford book." |
| 505 ## - |
| -- |
Includes bibliographical references (p. [227]-238) and index. |
| 650 #0 - |
| -- |
Psikologjia e fëmijës |
| 942 ## - ADDED ENTRY ELEMENTS (KOHA) |
| Source of classification or shelving scheme |
|
| Item type |
Books |